Plánovanie - kľúčový aspekt efektívneho časového manažmentu manažéra

Plánovanie v časovom manažmente jednotlivcov. Šesťstupňový životný model. Proces samotného plánovania. Hodnotenie a sebakontrola. Výsledky výskumu zameraného na plánovanie času v práci manažéra.

Salvato in:
Dettagli Bibliografici
Autore principale: Thomasová, Elena
Altri autori: Skorková, Zuzana, 1979-
Natura: Capitolo di libro
Lingua:slovacco
Soggetti:
Tags: Aggiungi Tag
Nessun Tag, puoi essere il primo ad aggiungerne!!

MARC

LEADER 00000naa$a2200000$$$4500
001 0197168
005 20240502073328.7
041 0 |a slo 
044 |a SK 
245 1 0 |a Plánovanie - kľúčový aspekt efektívneho časového manažmentu manažéra  |c Elena Thomasová, Zuzana Skorková 
520 |a Plánovanie v časovom manažmente jednotlivcov. Šesťstupňový životný model. Proces samotného plánovania. Hodnotenie a sebakontrola. Výsledky výskumu zameraného na plánovanie času v práci manažéra. 
610 2 0 |a plánovanie času 
610 2 0 |a čas pracovný 
610 2 0 |a oddych 
610 2 0 |a plán 
610 2 0 |a manažéri 
610 2 0 |a efektívnosť 
610 2 0 |a výskum 
610 2 0 |a Slovensko 
100 1 |a Thomasová, Elena 
700 1 |a Skorková, Zuzana, 1979-